<?xml version="1.0" encoding="UTF-8"?>
<collection xmlns="http://www.loc.gov/MARC21/slim">
    <record>
        <controlfield tag="001">46538</controlfield>
        <controlfield tag="005">20160610090722.0</controlfield>
        <datafield tag="037" ind1=" " ind2=" ">
            <subfield code="a">GDOC-2010-0995</subfield>
        </datafield>
        <datafield tag="041" ind1=" " ind2=" ">
            <subfield code="a">spa</subfield>
        </datafield>
        <datafield tag="100" ind1=" " ind2=" ">
            <subfield code="9"></subfield>
            <subfield code="a"></subfield>
        </datafield>
        <datafield tag="245" ind1="0" ind2="0">
            <subfield code="9">62534</subfield>
            <subfield code="a">T6-QoS en redes wireless</subfield>
        </datafield>
        <datafield tag="260" ind1=" " ind2=" ">
            <subfield code="a">Zaragoza</subfield>
            <subfield code="b">Universidad de Zaragoza</subfield>
            <subfield code="c">2010-2011</subfield>
        </datafield>
        <datafield tag="520" ind1=" " ind2=" ">
            <subfield code="a">Esta asignatura se enmarca dentro de los cursos de Telemática y sus objetivos son: (i) conocer los fundamentos de las arquitecturas y sistemas de medida, análisis, gestión y provisión de la QoS técnica en redes de datos; (ii) comprender la existencia de factores adicionales a los técnicos en la percepción de calidad de los usuarios finales; (iii) identificar las peculiaridades del medio inalámbrico que tienen un mayor impacto en la QoS, y (iv) conocer las particularidades de las redes inalámbricas y cómo los algoritmos de rutado dinámico multicriterio pueden optimizar la satisfacción de los usuarios.</subfield>
        </datafield>
        <datafield tag="521" ind1=" " ind2=" ">
            <subfield code="9">631</subfield>
            <subfield code="a">Máster en Tecnologías de la Información y Comunicación en Redes Móviles</subfield>
        </datafield>
        <datafield tag="540" ind1=" " ind2=" ">
            <subfield code="a">by-nc-sa</subfield>
            <subfield code="b">Creative Commons</subfield>
            <subfield code="c">3.0</subfield>
            <subfield code="u">http://creativecommons.org/licenses/by-nc-sa/3.0/</subfield>
        </datafield>
        <datafield tag="700" ind1=" " ind2=" ">
            <subfield code="a"></subfield>
        </datafield>
        <datafield tag="830" ind1=" " ind2=" ">
            <subfield code="9">373</subfield>
        </datafield>
        <datafield tag="856" ind1="4" ind2=" ">
            <subfield code="s">115171</subfield>
            <subfield code="u">http://zaguan.unizar.es/record/46538/files/guia.pdf</subfield>
        </datafield>
        <datafield tag="980" ind1=" " ind2=" ">
            <subfield code="a">GDOC</subfield>
            <subfield code="b">Ingeniería y Arquitectura</subfield>
            <subfield code="c">106</subfield>
        </datafield>
    </record>

    
</collection>